MARC

LEADER 00000nam0a2200000 4500
001 250974
005 20231101232619.0
010 |a 5020272027 
020 |a RU  |b 89-21003 
035 |a (RuTPU)RU\TPU\book\273215 
090 |a 250974 
100 |a 20140218d1989 k a0rusy5003 ca 
101 0 |a rus 
102 |a RU 
105 |a y z 001zy 
200 1 |a Социальная революция: вопросы теории  |e сборник статей  |f Академия наук СССР (АН СССР) ; под ред. А. Ф. Замалеева , В. Д. Комарова 
210 |a Ленинград  |c Наука  |d 1989 
215 |a 147 с. 
320 |a Библиогр. в примеч. в конце ст. 
606 1 |a Социальная революция  |x Философия  |2 stltpush  |3 (RuTPU)RU\TPU\subj\55671  |9 73679 
610 1 |a революции 
610 1 |a перестройка 
610 1 |a марксистско-ленинская теория 
610 1 |a диалектика 
610 1 |a мышление 
610 1 |a политическая мысль 
610 1 |a лозунги 
610 1 |a критицизм 
610 1 |a освободительное движение 
610 1 |a пропаганда 
686 |a Ю632.422  |2 rubbk 
702 1 |a Замалеев  |b А. Ф.  |g Александр Фазлаевич  |4 340 
702 1 |a Комаров  |b В. Д.  |4 340 
712 0 2 |a Академия наук СССР (АН СССР)  |c (1925-1991)  |2 stltpush  |3 (RuTPU)RU\TPU\col\722 
801 0 |a RU  |b RuMRKP  |c 19950417  |g psbo 
801 1 |a RU  |b 63413507  |c 20140218 
801 2 |a RU  |b 63413507  |c 20160627  |g RCR 
942 |c BK